Neděle jako stvořená pro vraždu /

Hlavní autor: Frýbová, Zdena, 1934-2010
Jazyk: Čeština
Vydáno: Praha : Šulc - Švarc, 2012
Vydání: 4. vyd.
Témata:
Fyzický popis: 557 s. ; 21 cm
Knihy
Uloženo v:
LEADER 01108nam a2200349 a 4500
001 nkc20122268969
003 CZ PrNK
005 20120213062538.0
007 ta
008 120130s2012 xr g 000 f cze
015 |a cnb002268969 
020 |a 978-80-7244-311-6  |q (váz.) :  |c Kč 395,00 
035 |a (OCoLC)780139043 
040 |a ABA001  |b cze 
072 7 |a 821.162.3-3  |x Česká próza  |2 Konspekt  |9 25 
080 |a 821.162.3-31  |2 MRF 
080 |a (0:82-312.4)  |2 MRF 
100 1 |a Frýbová, Zdena,  |d 1934-2010  |7 jk01032058  |4 aut 
245 1 0 |a Neděle jako stvořená pro vraždu /  |c Zdena Frýbová 
250 |a 4. vyd. 
260 |a Praha :  |b Šulc - Švarc,  |c 2012 
300 |a 557 s. ;  |c 21 cm 
655 7 |a české romány  |7 fd133974  |2 czenas 
655 7 |a detektivní romány  |7 fd132010  |2 czenas 
655 9 |a Czech fiction  |2 eczenas 
655 9 |a detective novels  |2 eczenas 
910 2 |a BOA001  |b 2-1279.353 
928 9 |a Švarc - Šulc 
990 |a BK 
995 |a 01 
991 |b 201202  |e b 
996 6 |b 2610500636  |c 2-1279.353  |l MZK  |r Sklad / do 1 hodiny  |n 2  |p p.v.  |w 001225085  |u 000010  |a 1  |e BOA001  |j MZK50  |s P